Assam and India (Record no. 68054)

MARC details
000 -LEADER
fixed length control field 01495nam a22002537a 4500
005 - DATE AND TIME OF LATEST TRANSACTION
control field 20120618123146.0
010 ## - LCCN (DPL NO)
LC control number B-456296-300
020 ## - INTERNATIONAL STANDARD BOOK NUMBER
International Standard Book Number 9788178241234
Terms of availability 695.00
035 ## - SYSTEM CONTROL NUMBER
System control number B-456296-300
037 ## - SOURCE OF ACQUISITION
Stock number dpl
Source of stock number/acquisition K.K. Pub /Ven
082 ## - DEWEY DECIMAL CLASSIFICATION NUMBER
Classification number 954
100 ## - MAIN ENTRY--PERSONAL NAME
Personal name Yasmin ,Sakia
245 ## - TITLE STATEMENT
Title Assam and India
Remainder of title ; Kragmented memories, cultural identity and the Tai-Ahom Struggle /
Statement of responsibility, etc by Yasmin sakia
260 ## - PUBLICATION, DISTRIBUTION, ETC. (IMPRINT)
Place of publication, distribution, etc Delhi
Name of publisher, distributor, etc Permanent black
Date of publication, distribution, etc 2005
270 ## - ADDRESS
Address D-28 Oxford apartment 11 I p extention
City Delhi
300 ## - PHYSICAL DESCRIPTION
Extent vi,319pgs
Dimensions 22cm
942 ## - ADDED ENTRY ELEMENTS (KOHA)
Source of classification or shelving scheme Dewey Decimal Classification
Item type English Books
Call number suffix YAS
Classification part 954
Holdings
Withdrawn status Lost status Not for loan Collection code Home library Current library Date acquired Source of acquisition Cost, normal purchase price Full call number Barcode Copy number Cost, replacement price Koha item type
      Non-fiction Central Library Central Library 22/06/2012 K.K.Pub/1533/28.11.2011/03/15.09.2011/03.02.2012 695.00 954 YAS B-456296 1 695.00 English Books
      Non-fiction Karol Bagh Karol Bagh 22/06/2012 K.K.Pub/1533/28.11.2011/03/15.09.2011/03.02.2012 695.00 954 YAS B-456299 1 695.00 English Books
      Non-fiction Patel Nagar Patel Nagar 22/06/2012 K.K.Pub/1533/28.11.2011/03/15.09.2011/03.02.2012 695.00 954 YAS B-456297 1 695.00 English Books
      Non-fiction Sarojini Nagar Sarojini Nagar 22/06/2012 K.K.Pub/1533/28.11.2011/03/15.09.2011/03.02.2012 695.00 954 YAS B-456298 1 695.00 English Books
      Non-fiction Shahdara Branch Shahdara Branch 22/06/2012 K.K.Pub/1533/28.11.2011/03/15.09.2011/03.02.2012 695.00 954 YAS B-456300 1 695.00 English Books

© Delhi Public Library
Hit Counter
free hit counter